Easy as apple pie / (Record no. 4961)

MARC details
000 -LEADER
fixed length control field 00941nam a22002897a 4500
001 - CONTROL NUMBER
control field 4961
003 - CONTROL NUMBER IDENTIFIER
control field FISKH
005 - DATE AND TIME OF LATEST TRANSACTION
control field 20241028152620.0
008 - FIXED-LENGTH DATA ELEMENTS--GENERAL INFORMATION
fixed length control field 241028b cb ||||| |||| 00| 0 eng d
020 ## - INTERNATIONAL STANDARD BOOK NUMBER
International Standard Book Number 9780823418008
040 ## - CATALOGING SOURCE
Original cataloging agency FISKH
Language of cataloging eng
Transcribing agency FISKH
Modifying agency FISKH
050 ## - LIBRARY OF CONGRESS CALL NUMBER
Classification number PZ7.R88525
082 ## - DEWEY DECIMAL CLASSIFICATION NUMBER
Classification number 514
100 ## - MAIN ENTRY--PERSONAL NAME
Personal name Ruelle, gray karen
Dates associated with a name (1993-)
245 ## - TITLE STATEMENT
Title Easy as apple pie /
Statement of responsibility, etc. by Karen Gray Ruelle
250 ## - EDITION STATEMENT
Edition statement 2002
260 ## - PUBLICATION, DISTRIBUTION, ETC.
Place of publication, distribution, etc. New York :
Name of publisher, distributor, etc. Holiday House,
Date of publication, distribution, etc. 2002.
300 ## - PHYSICAL DESCRIPTION
Extent 32 pages :
Other physical details Color illustrations ;
Dimensions 23 cm
505 ## - FORMATTED CONTENTS NOTE
Formatted contents note L<br/>
520 ## - SUMMARY, ETC.
Summary, etc. Emily says "Yuck" whenever apples are mentioned, but when she and her older brother, Harry, sleep over at their grandparents' house, they all pick apples and make them into delicious pies.
521 8# - TARGET AUDIENCE NOTE
Target audience note 510L<br/>
Source Lexile<br/>
521 8# - TARGET AUDIENCE NOTE
Target audience note L<br/>
Source Raz-Plus<br/>
650 ## - SUBJECT ADDED ENTRY--TOPICAL TERM
Source of heading or term Apples
Topical term or geographic name entry element Sleepovers
Form subdivision Cats
650 ## - SUBJECT ADDED ENTRY--TOPICAL TERM
Source of heading or term Chapter book
Topical term or geographic name entry element Early reader
942 ## - ADDED ENTRY ELEMENTS (KOHA)
Source of classification or shelving scheme Dewey Decimal Classification
Koha item type Books
Suppress in OPAC No
Holdings
Withdrawn status Lost status Source of classification or shelving scheme Damaged status Not for loan Collection Home library Current library Shelving location Date acquired Total Checkouts Full call number Barcode Date last seen Copy number Price effective from Koha item type
    Dewey Decimal Classification     Fiction Footprints International School Library Network Toul Kork Campus Footprints International School Library Network Toul Kork Campus TK Primary Library Room(4th Floor), Bookcase 3&4, Shelves 17-32, Yellow Books 10/28/2024   RUE 514 PZ7.R88525 2024-2239 10/28/2024 1 10/28/2024 Books